000 00376cam a22001457a 4500
008 180718b1954 xxu||||| |||| 00| 0 eng d
082 _aA99 C859/M625
100 _aMills, G.H. Saxon
245 _aThere is a tide
_cby G.H. Saxon Mills
260 _aLondon
_bHeinemann
_c1954
300 _a197p.
500 _a16/-
650 _aAdvertising - UK
650 _aCrawford, William
999 _c374127
_d374127